Music Quiz

Random Music or Album Quiz

Literal Albums Quiz Stats

 Plays Quiz Updated Aug 31, 2016

Also try: Literal Musicians
Challenge
Share
Tweet
Score 0/20 Timer 05:00
24 Plays Today
% Correct
Piano Man
96.7%
Purple Rain
96%
Pearl
94.8%
Hotel California
94.7%
Honeymoon
94.3%
Lemonade
92.6%
Fanmail
92.3%
Music Box
90.5%
London Calling
89.9%
Revolver
89.5%
% Correct
Diamond Dogs
88.3%
Graduation
88.1%
Velvet Rope
84.1%
Blueprint
80.1%
OK Computer
80%
Catch a Fire
78.7%
Parachutes
78.1%
The Wall
72%
Blonde on Blonde
41.8%
Disraeli Gears
23.5%

You're not logged in!

Compare scores with friends on all Sporcle quizzes.
OR
Log In

You Might Also Like...

Show Comments

Extras

Top Quizzes Today


Score Distribution

Your Account Isn't Verified!

In order to create a playlist on Sporcle, you need to verify the email address you used during registration. Go to your Sporcle Settings to finish the process.

Report this User

Report this user for behavior that violates our Community Guidelines.

Details: